| LEADER |
01191nam0a2200193 450 |
| 001 |
16829482 |
| 010 |
|
|
|a 978-2-07-509744-4
|b br.
|d 21
|
| 100 |
|
|
|a 20171218d2017 u u0frey01 ba
|
| 101 |
1 |
|
|a fre
|c
|
| 102 |
|
|
|a FR
|
| 200 |
0 |
|
|a Tortues à l'infini
|f John Green
|g traduit de l'anglais (Etats-Unis) par Catherine Gibert
|
| 207 |
|
1 |
|a
|
| 210 |
|
|
|a Paris Cedex 07
|b 5, rue Sebastien-Bottin
|c Gallimard jeunesse
|d 2017
|
| 330 |
|
|
|a Aza Holmes, 16 ans, a tout pour être aimée et avoir un bel avenir, mais elle a grandi avec une pathologie psychique. Qui est-elle, où est-elle, lorsque la spirale vertigineuse de ses pensées obsessionnelles s'empare d'elle ? Vous aimerez Aza, qui raconte sa propre histoire, vous aimerez sa meilleure amie Daisy la tornade, et son peut-être amoureux Davis, fils d'un milliardaire mystérieusement disparu. Un trio improbable qui va mener l'enquête, et trouver en chemin d'autres mystères et d'autres vérités...
|
| 700 |
|
0 |
|a Green
|b John
|f 1977-....
|4 70
|
| 702 |
|
0 |
|a Gibert
|b Catherine
|c Traducteur
|4 730
|
| 900 |
|
|
|a Roman Jeunesse
|
| 901 |
|
|
|a Accessible au prêt
|
| 995 |
|
|
|a Bibliothèque
|c Bibliothèque
|f 024018712
|h 024018712
|k J GRE
|o p
|q j
|r az
|e Bibliothèque
|